[Event "BEL-ch op"]
[Site "Niel"]
[Date "2017.07.04"]
[Round "4"]
[White "Verlinden, Patrick"]
[Black "Van Eetvelde, Bart"]
[Result "1-0"]
[WhiteElo "1798"]
[BlackElo "1524"]
[PlyCount "87"]
[EventDate "2017.07.01"]
[EventType "swiss"]
[EventRounds "9"]
[EventCountry "BEL"]
[SourceTitle "EXT 2018"]
[Source "ChessBase"]
[SourceDate "2017.10.13"]
[SourceVersion "1"]
[SourceVersionDate "2017.10.13"]
[SourceQuality "1"]

1. e4 e6 2. d4 d5 3. Nd2 c5 4. exd5 exd5 5. Ngf3 Nf6 6. Bb5+ Bd7 7. Qe2+ Be7 8. Ne5 0-0 9. Nxd7 Nbxd7 10. 0-0 a6 11. Bd3 Re8 12. Qd1 Bd6 13. Nf3 Qc7 14. Bg5 Ne4 15. Be3 c4 16. Be2 h6 17. h3 Ndf6 18. Nh4 Bh2+ 19. Kh1 Bf4 20. Bxf4 Qxf4 21. Nf3 Nh5 22. Kg1 Nxf2 23. Rxf2 Qg3 24. Ne5 Nf4 25. Bg4 g5 26. Qf3 Qxf3 27. Bxf3 f6 28. Nd7 Kg7 29. Raf1 Re7 30. Nb6 Rae8 31. Kh2 Re6 32. Nxd5 Nxd5 33. Bxd5 Rd6 34. Bxb7 Rb6 35. Bd5 Rd8 36. Bxc4 Rxd4 37. b3 a5 38. Rf5 a4 39. Bd3 axb3 40. axb3 Rdd6 41. Ra1 Rb7 42. Ra6 Rbb6 43. Ra7+ Kf8 44. Rc5 1-0